000 00342 a2200157 4500
001 61435
020 _a8576830574
040 _cAnchieta - Pituba
100 _aGasparini, María Victoria
240 1 0 _aFérias mágicas
_lpor
245 1 0 _aFérias mágicas
300 _a59
362 0 _a2006
650 4 _aLiteratura juvenil
942 _cBK
999 _c61435
_d61435